| 000 | 00350pab a2200121 454500 | ||
|---|---|---|---|
| 008 | 180718b xxu||||| |||| 00| 0 eng d | ||
| 100 | _aDeshpande G.P. | ||
| 245 | _aThe kingdom of darkness' or the problem of culture | ||
| 362 | _a29(29), 16 Jul 1994, p.1864-867 | ||
| 650 | _aCulture -- India | ||
| 773 | _aEconomic and Political Weekly | ||
| 909 | _a27227 | ||
| 999 |
_c27227 _d27227 |
||